Little Giraffe's BIG Idea a tall story / (Record no. 181546)

MARC details
000 -LEADER
fixed length control field 00975nam a22002771i 4500
005 - DATE AND TIME OF LATEST TRANSACTION
control field 20210125112402.0
008 - FIXED-LENGTH DATA ELEMENTS--GENERAL INFORMATION
fixed length control field 210125t2018 nyua|||j ||| 000 1 eng d
020 ## - INTERNATIONAL STANDARD BOOK NUMBER
International Standard Book Number 9781949679588
Terms of availability RM 24.88
Qualifying information hardback
040 ## - CATALOGING SOURCE
Original cataloging agency PPAK
Language of cataloging eng
Transcribing agency PPAK
Description conventions rda
082 04 - DEWEY DECIMAL CLASSIFICATION NUMBER
Edition number 23
Classification number 428.6
090 00 - LOCALLY ASSIGNED LC-TYPE CALL NUMBER (OCLC); LOCAL CALL NUMBER (RLIN)
Classification number (OCLC) (R) ; Classification number, CALL (RLIN) (NR) 428.6
Feature heading RIC
Feature heading K
100 1# - MAIN ENTRY--PERSONAL NAME
Personal name Richards, Benjamin,
Relator term author.
245 10 - TITLE STATEMENT
Title Little Giraffe's BIG Idea a tall story /
Statement of responsibility, etc. Written by Benjamin Richards ; Illustrated by Louise Forshaw
264 #1 - PRODUCTION, PUBLICATION, DISTRIBUTION, MANUFACTURE, AND COPYRIGHT NOTICE
Place of production, publication, distribution, manufacture New York :
Name of producer, publisher, distributor, manufacturer Little Hippo Books ,
Date of production, publication, distribution, manufacture, or copyright notice ©2018
300 ## - PHYSICAL DESCRIPTION
Extent 1 volume unpaged :
Other physical details colour illustrations ;
Dimensions 21 cm.
336 ## - CONTENT TYPE
Source rdacontent
Content type term text
337 ## - MEDIA TYPE
Source rdamedia
Media type term unmediated
338 ## - CARRIER TYPE
Source rdacarrier
Carrier type term volume
490 1# - SERIES STATEMENT
Series statement A COME-TO-LIFE BOOK
500 ## - GENERAL NOTE
General note READ & LEARN AS CHARACTERS COME ALIVE! 3D<br/>FREE APP SEE BACK COVER
650 10 - SUBJECT ADDED ENTRY--TOPICAL TERM
Topical term or geographic name entry element English fiction
Form subdivision Readers
Topical term or geographic name entry element Animals
Form subdivision Readers.
700 1# - ADDED ENTRY--PERSONAL NAME
Personal name Forshaw, Louise
Relator term illustrator.
830 #0 - SERIES ADDED ENTRY--UNIFORM TITLE
Uniform title A COME-TO-LIFE BOOK
942 ## - ADDED ENTRY ELEMENTS (KOHA)
Source of classification or shelving scheme Dewey Decimal Classification
Koha item type Book
Holdings
Withdrawn Not for loan Current library Shelving location Date acquired Total Checkouts Total Renewals Full call number Barcode Date last seen Date last checked out Koha item type
    Perpustakaan Alor Setar Pinjaman Kanak-kanak 14/02/2021 21 2 K 428.6 RIC A01674912 15/06/2026 02/06/2026 Book
    Perpustakaan Awam Sungai Petani Pinjaman Kanak-kanak 14/02/2021 28 6 K 428.6 RIC A01674913 18/05/2026 27/04/2026 Book
    Perpustakaan Baling Pinjaman Kanak-kanak 14/02/2021 6   K 428.6 RIC A01674915 07/02/2026 18/01/2026 Book
    Perpustakaan Bandar Baharu Pinjaman Kanak-kanak 14/02/2021 4   K 428.6 RIC A01674916 23/06/2025 25/05/2025 Book
    Perpustakaan Kulim Pinjaman Kanak-kanak 14/02/2021 23 3 K 428.6 RIC A01674914 16/05/2026 26/04/2026 Book
    Perpustakaan Merbok Pinjaman Kanak-kanak 14/02/2021 5 1 K 428.6 RIC A01674917 25/06/2024 06/05/2024 Book